Future food security and plant genetic resources

Na minha lista:
Detalhes bibliográficos
Autor principal: SAREC
Formato: Livro
Idioma:Undetermined
Publicado em: Stockholm SAREC 1992
Assuntos:
Tags: Adicionar Tag
Sem tags, seja o primeiro a adicionar uma tag!
Thư viện lưu trữ: Trung tâm Học liệu Trường Đại học Cần Thơ
LEADER 00515nam a2200181Ia 4500
001 CTU_6308
008 210402s9999 xx 000 0 und d
082 |a 338.19 
082 |b S244 
100 |a SAREC 
245 0 |a Future food security and plant genetic resources 
245 0 |c SAREC 
260 |a Stockholm 
260 |b SAREC 
260 |c 1992 
650 |a agriculture - economic aspects,food supply 
904 |i Nguyễn Quang Điền, 960817 
980 |a Trung tâm Học liệu Trường Đại học Cần Thơ